• 首页
  • 本馆介绍
  • 公告通知
  • 最新文献
  • 馆藏检索
  • 电子资源
  • 读者导购
  • 参考咨询
  • 我的图书馆
  • 登录
  • 详细信息显示
  • 放入我的书架
  • 预约/预借图书
  • 作者相关作品
  • 分类相关作品
  • 丛书相关作品
  • 出版社相关作品

书目信息

  • 表格格式
  • 工作单格式
  • 卡片格式
题名:
显示器的应用
    
 
作者: 新居宏壬 主编 ;徐国鼐 , 薛培鼎 译
分册:  
出版信息: 北京   科学出版社  2003.03
页数: 162页
开本: 21cm
丛书名: 前沿显示技术丛书
单 册:
中图分类: TN873
科图分类:
主题词: 终端设备
电子资源:
ISBN: 7-03-010993-7
000 00766nam0 2200241 450
001 0438905113
005 20040414104824.71
010    @a7-03-010993-7@dCNY16.00
100    @a20040414d2003 km y0chiy0120 ea
101 0  @achi
102    @aCN@b110000
200 1  @a显示器的应用@Axian shi qi de ying yong@f(日)新居宏壬等主编@F(ri)xin ju hong ren deng zhu bian@g徐国鼐,薛培鼎译@Gxu guo nai,xue pei ding yi
210    @a北京@c科学出版社@d2003.03
215    @a162页@c图@d21cm
225 2  @a前沿显示技术丛书
410  0 @12001 @a前沿显示技术丛书
606 0  @a终端设备
690    @aTN873@v4
701  0 @a新居宏壬@Axin ju hong ren@4主编
702  0 @a徐国鼐@Axu guo nai@4译
702  0 @a薛培鼎@Axue pei ding@4译
801  0 @aCN@bPFT@c20040414
905    @aBZT@dTN873@e1@f5
    
    显示器的应用/(日)新居宏壬等主编/徐国鼐,薛培鼎译.-北京:科学出版社,2003.03
    162页:图;21cm.-(前沿显示技术丛书)
    
    
    ISBN 7-03-010993-7:CNY16.00
    
●
相关链接 在五车中查询图书 在当当中查询图书 在豆瓣中查询图书


正题名:显示器的应用     索取号:TN873/1         预约/预借

序号 登录号 条形码 馆藏地/架位号 状态 备注
1 2001741305   2001741305   样本书库/样005架B面4层1列/ [索取号:TN873/1] 在馆    
山东省滨州职业学院图书馆 欢迎您!
大连网信软件有限公司© 版权所有